| 000 | 00391nam a2200169Ia 4500 | ||
|---|---|---|---|
| 008 | 210210b1951 xxu||||| |||| 00| 0 eng d | ||
| 041 | _aeng | ||
| 082 | _a539/11 | ||
| 100 | _aBROOKES (B C) | ||
| 245 | _aAdventures in science | ||
| 260 |
_aLondon _bWilliam Heinemann Ltd. _c1951 |
||
| 300 | _a289 | ||
| 650 | _ascience | ||
| 650 | _aAdventures | ||
| 690 | _aPhysics | ||
| 906 | _a009027 | ||
| 999 |
_c127774 _d127774 |
||